[Event "Mar del Plata"]
[Site "Mar del Plata"]
[Date "1982.??.??"]
[Round "?"]
[White "Portisch, Lajos"]
[Black "Seirawan, Yasser"]
[Result "1-0"]
[WhiteElo "2630"]
[BlackElo "2575"]

1.d4 d6 2.c4 e5 3.Nf3 e4 4.Ng5 f5 5.Nc3 h6 6.Nh3 g5 7.Ng1 Bg7 8.h4 g4 9.e3 Nd7
10.Nge2 h5 11.Nf4 Nf8 12.Qa4+ Qd7 13.Qb3 Ne7 14.c5 dxc5 15.dxc5 c6 16.Bc4 Neg6
17.Nb5 Nxf4 18.Nd6+ Kd8 19.exf4 Kc7 20.Be3 Qe7 21.O-O-O Kb8 22.Rd2 Bf6 23.g3 Rh7
24.Nxc8 Kxc8 25.Rhd1 Kc7 26.Qa3 Qe8 27.Rd6 Be7 28.Qa5+ Kc8 29.Re6 a6 30.Re5 Rh6
31.Rxf5 Nd7 32.Rf7 Rf6 33.Rg7 Kb8 34.f5 Ka7 35.Rxd7 Qxd7 36.Qb6+ Kb8 37.Rg8+ Bf8
38.Rxf8+  1-0

[Event "Mar del Plata"]
[Site "Mar del Plata"]
[Date "1982.??.??"]
[Round "?"]
[White "Seirawan, Yasser"]
[Black "Andersson, Ulf"]
[Result "1/2-1/2"]
[WhiteElo "2575"]
[BlackElo "2635"]

1.c4 Nf6 2.Nc3 e6 3.e4 c5 4.e5 Ng8 5.d4 cxd4 6.Qxd4 Nc6 7.Qe4 d6 8.Nf3 dxe5
9.Nxe5 Bd7 10.Nxd7 Qxd7 11.Bg5 Bb4 12.Be2 Nf6 13.Qe3 Qd4 14.O-O O-O 15.Nb5 Qxe3
16.Bxe3 Ne4 17.Rfd1 Bc5 18.Bf3 Bxe3 19.Bxe4 Bc5 20.Bxc6 bxc6 21.Nd4 Rfc8
22.Nb3 Be7 23.Rd7 Bf6 24.Rb1 Kf8 25.Kf1 Ke8 26.Rb7 Rcb8 27.Rc7 Rc8 28.Rb7 Bd8
29.Rd1 Rc7 30.Rxc7 Bxc7 31.Nd4 Rd8 32.Ke2 c5 33.Nb5 Bb8 34.Rxd8+ Kxd8 35.a3 a6
36.Nc3 Bd6 37.Ne4 Be7 38.Kd3 f5 39.Nc3 Kd7 40.Na2 Kc6 41.b4 e5 42.f3  1/2-1/2

[Event "Mar del Plata"]
[Site "Mar del Plata"]
[Date "1982.??.??"]
[Round "?"]
[White "Seirawan, Yasser"]
[Black "Franco Ocampo, Zenon"]
[Result "1-0"]
[WhiteElo "2575"]
[BlackElo "2505"]

1.c4 c5 2.Nf3 Nf6 3.Nc3 Nc6 4.d4 cxd4 5.Nxd4 d6 6.g3 g6 7.Bg2 Bd7 8.O-O Bg7
9.b3 O-O 10.e3 Qc8 11.Re1 Bh3 12.Bh1 Qd7 13.a4 Rac8 14.Ra2 Bg4 15.Qd2 d5
16.Nxd5 Nxd5 17.cxd5 Nxd4 18.exd4 e6 19.dxe6 Bxe6 20.d5 Bf5 21.Qd1 Rc3 22.Bb2 Rd3
23.Qa1 Bh6 24.Bd4 Rxb3 25.Rae2 Rb4 26.a5 Rc8 27.Re7 Qb5 28.d6 Ra4 29.Qd1 Bf8
30.Rxb7 Qc4 31.Bf6 Bc2 32.Qd5  1-0

[Event "Mar del Plata"]
[Site "Mar del Plata"]
[Date "1982.??.??"]
[Round "?"]
[White "Seirawan, Yasser"]
[Black "Polugaevsky, Lev"]
[Result "1-0"]
[WhiteElo "2575"]
[BlackElo "2625"]

1.c4 c5 2.Nf3 Nf6 3.Nc3 e6 4.g3 b6 5.Bg2 Bb7 6.O-O Be7 7.d4 cxd4 8.Qxd4 d6
9.Rd1 a6 10.b3 Nbd7 11.e4 Qb8 12.Ba3 Nc5 13.Nd2 O-O 14.Bb2 Rc8 15.h3 Bc6
16.a4 Ne8 17.Qe3 Bf6 18.Ra2 Ra7 19.Rda1 Re7 20.f4 a5 21.Re1 Rd8 22.Nb5 Bxb2
23.Rxb2 Nc7 24.Nf1 Nxb5 25.axb5 Bb7 26.g4 Ree8 27.Rbe2 Kf8 28.Nd2 d5 29.exd5 exd5
30.Qxe8+ Rxe8 31.Rxe8+ Qxe8 32.Rxe8+ Kxe8 33.cxd5 Kd8 34.Kf2 Nd3+ 35.Ke3 Nb4
36.Kd4 Nc2+ 37.Ke5 Na3 38.Bf1 Bc8 39.Nf3 f6+ 40.Kd6 Nc2 41.Bd3 Nb4 42.Be4 h5
43.Nd4 hxg4 44.Ne6+  1-0

[Event "Mar del Plata"]
[Site "Mar del Plata"]
[Date "1982.??.??"]
[Round "?"]
[White "Seirawan, Yasser"]
[Black "Quinteros, Miguel A"]
[Result "1-0"]
[WhiteElo "2575"]
[BlackElo "2505"]

1.c4 Nf6 2.Nc3 g6 3.e4 d6 4.d4 Bg7 5.Be2 O-O 6.Bg5 c5 7.d5 Qa5 8.Bd2 e6 9.Nf3 exd5
10.exd5 Bg4 11.O-O Nbd7 12.a4 a6 13.Re1 Qc7 14.h3 Bxf3 15.Bxf3 Ne8 16.Qc2 Be5
17.Be2 f5 18.f4 Bd4+ 19.Kh2 Ng7 20.Bf3 Rae8 21.g3 Nf6 22.Kg2 h5 23.Qd3 Nd7
24.h4 Rxe1 25.Rxe1 Re8 26.Rb1 Bf6 27.Ne2 a5 28.Qb3 Nb8 29.Qb5 b6 30.Ng1 Bd8
31.Nh3 Qd7 32.Qb3 Na6 33.Ng5 Nb4 34.Bc3 Bxg5 35.hxg5 Re3 36.Rf1 Qe8 37.Qd1 Rd3
38.Bd2 Kf7 39.Re1 Qd7 40.Qe2 Rd4 41.Bc3 Qe8 42.Bxd4 Qxe2+ 43.Bxe2 cxd4 44.Rd1 Ne8
45.Rxd4 Nc7 46.Rd1 Nca6 47.Rh1 Nc5 48.Bxh5 gxh5 49.Rxh5 Nxa4 50.Rh7+ Kg8
51.Rc7 Nxb2 52.Kh3 a4 53.Kh4 a3 54.Kh5 a2 55.Ra7 Nxc4 56.Kh6  1-0

[Event "OHRA"]
[Site "Amsterdam"]
[Date "1983.??.??"]
[Round "?"]
[White "Seirawan, Yasser"]
[Black "Ligterink, Gert"]
[Result "1/2-1/2"]
[WhiteElo "2605"]
[BlackElo "2430"]

1.c4 e5 2.Nc3 Nf6 3.e3 Bb4 4.Nge2 b6 5.a3 Bxc3 6.Nxc3 Bb7 7.Be2 O-O 8.O-O d5
9.cxd5 Nxd5 10.d4 exd4 11.Nxd5 Bxd5 12.Qxd4 c5 13.Qc3 Bb7 14.b4 Nd7 15.Rd1 Qe7
16.Bb2 f6 17.Rd2 Rac8 18.Rad1 Rc7 19.f3 Rfc8 20.e4 Kh8 21.Qb3 h6 22.Rd6 Nf8
23.e5 fxe5 24.Qe3 Qg5 25.Qxe5 cxb4 26.axb4 Rc2 27.Kf1 Qxe5 28.Bxe5 Kg8 29.Bd3 R2c6
30.Rxc6 Rxc6 31.b5 Rc8 32.Ra1 Nd7 33.Bd6 Ra8 34.Bc4+ Kh7 35.Re1 Nf6 36.Re7 Bd5
37.Bxd5 Nxd5 38.Rb7 Kg6 39.Be5 Nf6 40.f4 Rd8 41.Rxa7 Rd5 42.h3 h5 43.Kf2 Rxb5
44.Kg3 Rd5 45.Kh4 Rd7 46.Ra6 Rb7 47.g4 hxg4 48.hxg4 Kf7 49.Bd4 Nd5 50.Be5 Re7
51.Ra8 Re8 52.Ra3 Re7 53.Rb3 Rb7 54.Rb5 Nc7 55.Bxc7 Rxc7 56.Rxb6 Rc5 57.f5 Kg8
58.Rb8+ Kf7 59.Kh5 Ra5 60.Rb7+ Kg8 61.Kg6 Ra6+ 62.Kg5 Ra5 63.Rd7 Ra1 64.Rd5 Kf7
65.Rc5 Rb1 66.Kh4 Rh1+ 67.Kg5 Ra1 68.Rc7+ Kg8 69.Rc3 Kf7 70.Rc4 Rb1 71.Rc7+ Kg8
72.Re7 Kf8 73.Ra7 Kg8 74.Kh4 Rh1+ 75.Kg3 Rg1+ 76.Kh3 Rh1+ 77.Kg2 Rb1 78.Ra5 Kf7
79.g5 Rb3 80.Ra7+ Kf8 81.g6 Rc3 82.Kf2 Rb3 83.Ke2  1/2-1/2

[Event "OHRA"]
[Site "Amsterdam"]
[Date "1983.??.??"]
[Round "?"]
[White "Franco Ocampo, Zenon"]
[Black "Seirawan, Yasser"]
[Result "0-1"]
[WhiteElo "2495"]
[BlackElo "2605"]

1.Nf3 Nf6 2.c4 c5 3.Nc3 e6 4.e3 d5 5.d4 a6 6.a3 dxc4 7.Bxc4 b5 8.Bd3 Nbd7
9.O-O Bb7 10.Bc2 Rc8 11.dxc5 Bxc5 12.e4 Qc7 13.Qe2 O-O 14.Bd2 Ng4 15.h3 Nge5
16.Nxe5 Nxe5 17.Rad1 Bd4 18.Bb1 Nc4 19.Bc1 Qe5 20.Kh1 Nxb2 21.f4 Nxd1 22.fxe5 Nxc3
23.Qd3 Rc4 24.Re1 Bf2 25.Rf1 Nxb1 26.Qxb1 Bxe4 27.Qb3 Rc2 28.Rd1 Bc5 29.Bd2 Rd8
30.Re1 Rd3  0-1

[Event "OHRA"]
[Site "Amsterdam"]
[Date "1983.??.??"]
[Round "?"]
[White "Seirawan, Yasser"]
[Black "Murrey, Jacob"]
[Result "1-0"]
[WhiteElo "2605"]
[BlackElo "2485"]

1.c4 e5 2.Nc3 Nc6 3.e3 d6 4.d4 Nf6 5.Nf3 Bf5 6.Be2 Ne4 7.Nxe4 Bxe4 8.O-O a5
9.d5 Nb4 10.a3 Na6 11.Bd2 c6 12.Bc3 cxd5 13.Nd2 Nc5 14.b4 Qg5 15.Bf3 Nd7
16.Nxe4 dxe4 17.Bxe4 Rc8 18.Qd3 Rc7 19.f4 Qh5 20.Rf3 Nf6 21.c5 Nxe4 22.Qxe4 f5
23.Qc4 Qf7 24.Qb5+ Qd7 25.Qxa5 e4 26.Rf2 Kf7 27.Rd1 Be7 28.Be5 Rc6 29.Qb5 Ra8
30.a4 d5 31.Rfd2 Rd6  1-0

[Event "OHRA"]
[Site "Amsterdam"]
[Date "1983.??.??"]
[Round "?"]
[White "Bohm, Hans"]
[Black "Seirawan, Yasser"]
[Result "0-1"]
[WhiteElo "2390"]
[BlackElo "2605"]

1.d4 d5 2.c4 dxc4 3.Nf3 Nf6 4.e3 e6 5.Bxc4 c5 6.O-O a6 7.Qe2 b5 8.Bd3 Bb7
9.a4 b4 10.Nbd2 cxd4 11.exd4 Nc6 12.Ne4 Be7 13.Rd1 O-O 14.Nc5 Nxd4 15.Nxd4 Bxc5
16.Nxe6 fxe6 17.Bxh7+ Kxh7 18.Rxd8 Raxd8 19.Be3 Bxe3 20.Qxe3 Rd6 21.Re1 Rfd8
22.f3 Kg6 23.Qc5 b3 24.h4 Bd5 25.Re5 Kf7 26.h5 Rc6 27.Qa7+ Rd7 28.Qe3 Rc2
29.Rg5 Rxb2 30.Rxg7+ Kxg7 31.Qg5+ Kf7 32.Qg6+ Ke7 33.Qg7+ Kd6 34.Qxf6 Rc2
35.Qf8+ Kc7 36.Qb4 b2 37.Kh2 Rg7 38.Kh3 Rgxg2 39.Qe7+ Kc6 40.Qe8+ Kc5  0-1

[Event "OHRA"]
[Site "Amsterdam"]
[Date "1983.??.??"]
[Round "?"]
[White "Seirawan, Yasser"]
[Black "Boersma, Paulus A"]
[Result "1/2-1/2"]
[WhiteElo "2605"]
[BlackElo "2355"]

1.c4 Nf6 2.Nc3 g6 3.e4 d6 4.d4 Bg7 5.Be2 O-O 6.Bg5 Nbd7 7.Qd2 c6 8.Nf3 d5
9.cxd5 cxd5 10.e5 Ne4 11.Qe3 Nxg5 12.Qxg5 Nb8 13.b4 a6 14.O-O Nc6 15.a3 h6
16.Qe3 Bg4 17.Nd2 Nxe5 18.dxe5 d4 19.Qf4 dxc3 20.Bxg4 Qxd2 21.Qxd2 cxd2 22.Ra2 Rad8
23.Rd1 Bxe5 24.Raxd2 Rxd2 25.Rxd2 Bd6 26.Rc2 b6  1/2-1/2

[Event "OHRA"]
[Site "Amsterdam"]
[Date "1983.??.??"]
[Round "?"]
[White "Short, Nigel D"]
[Black "Seirawan, Yasser"]
[Result "1-0"]
[WhiteElo "2475"]
[BlackElo "2605"]

1.e4 c5 2.Nf3 e6 3.d4 cxd4 4.Nxd4 a6 5.Nc3 b5 6.Bd3 Bb7 7.O-O Qc7 8.Qe2 Nf6
9.Kh1 Be7 10.f4 d6 11.Bd2 Nbd7 12.b4 O-O 13.a4 bxa4 14.Rxa4 Nb6 15.Raa1 g6
16.Bxa6 Rxa6 17.Rxa6 e5 18.Nb3 Bxa6 19.Qxa6 exf4 20.Rxf4 Rc8 21.Qf1 Nbd7
22.b5 Bf8 23.Nd4 Bg7 24.Nc6 Re8 25.Qc4 Qb6 26.Nd5 Nxd5 27.Qxd5 Re6 28.Rxf7 Kxf7
29.Ba5 Qf2 30.Nd8+ Kf8 31.Nxe6+ Ke7 32.Bd8+ Ke8 33.Nxg7+ Kxd8 34.Qa8+ Ke7
35.Qe8+ Kf6 36.Qd8+ Kxg7 37.Qxd7+ Kh6 38.Qh3+ Kg7 39.Qc3+ Kh6 40.Qh3+ Kg7
41.Qc3+ Kh6 42.h3 Qf1+ 43.Kh2 Qxb5 44.Qd2+ Kg7 45.Qxd6 Qc4 46.Qe5+ Kh6 47.c3 Qf1
48.Qg3 Kg7 49.Qc7+ Kg8 50.c4 h5 51.c5 Qc4 52.Qd8+ Kg7 53.Qd5 Qc3 54.c6 h4
55.Qd7+ Kh6 56.Qd6 Kh5 57.Qf4 Qxc6 58.Qg4+ Kh6 59.Qxh4+ Kg7 60.e5 Qc1 61.Qf6+ Kh6
62.Qf2 Kg7 63.e6 Qc7+ 64.Qg3 Qc5 65.Qf4 g5 66.Qf7+ Kh6 67.Qf6+ Kh7 68.e7 Qc7+
69.Kg1 Qc5+ 70.Kf1 Qc4+ 71.Kf2 Qc2+ 72.Kg3 Qc7+ 73.Kf3 Qb7+ 74.Kf2 Qa7+ 75.Kf1  1-0

[Event "Indonesia"]
[Site "Indonesia"]
[Date "1983.??.??"]
[Round "1"]
[White "Seirawan, Yasser"]
[Black "Tarjan, James Edward"]
[Result "0-1"]
[WhiteElo "2605"]
[BlackElo "2535"]

1.d4 d5 2.Nf3 e6 3.c4 c5 4.cxd5 exd5 5.Bg5 Be7 6.Bxe7 Qxe7 7.dxc5 Nf6 8.Nbd2 O-O
9.e3 Bg4 10.Be2 Nbd7 11.O-O Nxc5 12.Nb3 Rac8 13.Rc1 Rc7 14.Nxc5 Rxc5 15.Rxc5 Qxc5
16.Qb3 b6 17.Nd4 Bxe2 18.Nxe2 Rc8 19.h3 g6 20.Rc1 Qf8 21.Rd1 Rc4 22.Qd3 Qb4
23.Qb1 Qc5 24.Nd4 Ne4 25.Qd3 Rc1 26.Qf1 Rxd1 27.Qxd1 Qc4 28.a3 Qa2 29.Qc2 Qa1+
30.Kh2 Qe1 31.f3 Qg3+ 32.Kg1 Qe1+ 33.Kh2 Qxe3 34.Nc6 Qf4+ 35.Kg1 Qe3+ 36.Kh2 Nd2
37.Qc3 Qe2 38.h4 Nf1+ 39.Kh3 Ne3 40.Kg3 d4 41.Nxd4 Qxg2+  0-1

[Event "Indonesia"]
[Site "Indonesia"]
[Date "1983.??.??"]
[Round "2"]
[White "Henley, Ron W"]
[Black "Seirawan, Yasser"]
[Result "1-0"]
[WhiteElo "2525"]
[BlackElo "2605"]

1.d4 Nf6 2.c4 e6 3.g3 c5 4.d5 exd5 5.cxd5 b5 6.Bg2 d6 7.a4 b4 8.Nd2 g6 9.Nc4 Ba6
10.Qd3 Bg7 11.Qe3+ Kf8 12.Qf4 Bxc4 13.Qxc4 Nbd7 14.a5 Ne8 15.Nf3 Ne5 16.Nxe5 Bxe5
17.O-O Kg7 18.f4 Bd4+ 19.e3 Bf6 20.Kh1 Nc7 21.e4 Bd4 22.Rd1 Qf6 23.e5 dxe5
24.fxe5 Bxe5 25.d6 Ne6 26.Bxa8 Rxa8 27.Rf1 Qd8 28.Qd5 Bxd6 29.b3 Bf8 30.Bb2+ Kg8
31.Qb7 Qe8 32.Rad1 Rb8 33.Qd7 Nd4 34.Qxe8 Rxe8 35.Bxd4 cxd4 36.Rxd4 Re3 37.Rd7 Rxb3
38.Rdxf7 Bc5 39.Rc7 Rc3 40.Rd1 a6 41.Rd8+ Bf8 42.Rb7 b3 43.Rbb8 Kg7 44.Rxf8 Rc1+
45.Kg2 b2 46.Rf1  1-0

[Event "Indonesia"]
[Site "Indonesia"]
[Date "1983.??.??"]
[Round "3"]
[White "Seirawan, Yasser"]
[Black "Jussupow, Artur"]
[Result "1/2-1/2"]
[WhiteElo "2605"]
[BlackElo "2555"]

1.d4 d5 2.Nf3 c6 3.c4 Nf6 4.cxd5 cxd5 5.Nc3 Nc6 6.Bf4 Bf5 7.e3 e6 8.Qb3 Bb4
9.Bb5 O-O 10.O-O Bxc3 11.Qxc3 Rc8 12.Rfc1 Qb6 13.Qc5 Nxd4 14.Qxb6 Nxf3+ 15.gxf3 axb6
16.Bd6 Rxc1+ 17.Rxc1 Ra8 18.Rc7 h5 19.a3 Ne8 20.Bxe8 Rxe8 21.Rxb7 Rc8 22.Rxb6 Rc1+
23.Kg2 h4 24.h3 Bd3 25.Rb8+ Kh7 26.Be7 f6 27.Rb4 Bf1+ 28.Kh2 g5 29.Bxf6 Kg6
30.Bd8 Rc8 31.Bb6 e5 32.Ba5 Be2 33.Rb6+ Kf5 34.Kg2 Rc1 35.Bd2 Rd1 36.Bc3 Bf1+
37.Kh2 Be2 38.Kg2 Bf1+ 39.Kh2 Be2  1/2-1/2

[Event "Indonesia"]
[Site "Indonesia"]
[Date "1983.??.??"]
[Round "4"]
[White "Kurajica, Bojan"]
[Black "Seirawan, Yasser"]
[Result "0-1"]
[WhiteElo "2525"]
[BlackElo "2605"]

1.d4 Nf6 2.Nf3 d5 3.c4 dxc4 4.Qa4+ c6 5.Qxc4 Bf5 6.g3 e6 7.Bg2 Be7 8.O-O Nbd7
9.Bg5 O-O 10.Nbd2 a5 11.Bxf6 Nxf6 12.Ne5 Qb6 13.e4 Bg6 14.Nxg6 hxg6 15.e5 Nd5
16.b3 Rfd8 17.Nf3 a4 18.h4 Ra5 19.Rfb1 axb3 20.Rxb3 Qa7 21.Bf1 c5 22.dxc5 Bxc5
23.Qe2 b5 24.Qd2 Rb8 25.Kg2 b4 26.Bc4 Nb6 27.Bd3 Be7 28.Qe2 Nd5 29.Bc4 Nc3
30.Qd2 Rc8 31.Qf4 Qc5 32.Bf1 Nd5 33.Qg4 Rca8 34.Rb2 Qc3 35.Qd4 Ra3 36.Be2 b3
37.Bc4 bxa2 38.Raxa2 Qxf3+  0-1

[Event "Indonesia"]
[Site "Indonesia"]
[Date "1983.??.??"]
[Round "5"]
[White "Seirawan, Yasser"]
[Black "Radulov, Ivan"]
[Result "1-0"]
[WhiteElo "2605"]
[BlackElo "2490"]

1.d4 d5 2.Nf3 Nf6 3.Bg5 g6 4.e3 Bg7 5.Bd3 O-O 6.O-O c5 7.c3 Nc6 8.Nbd2 Nd7
9.Qa4 a6 10.Qa3 Qb6 11.Rab1 e5 12.c4 exd4 13.cxd5 Nb4 14.exd4 Nxd3 15.Qxd3 cxd4
16.Be7 Re8 17.Qa3 Qb5 18.Ne4 Qxd5 19.Nd6 Rxe7 20.Nxc8 Rxc8 21.Qxe7 Bf6 22.Qa3 Rc2
23.Ne1 Rc6 24.Nd3 Qf5 25.Rbc1 Ne5 26.Nxe5 Rxc1 27.Rxc1 Bxe5 28.Qf3 Qxf3 29.gxf3 d3
30.b3 d2 31.Rc8+ Kg7 32.Rd8 Bf4 33.h3 Kf6 34.Kf1 Ke6 35.Ke2 h5 36.a4 g5 37.Rd4 a5
38.b4 b6 39.b5 Bd6 40.Rxd2 Bc5 41.Rd8 Ke5 42.Re8+ Kd4 43.Rh8 h4 44.f4 f6
45.fxg5 fxg5 46.f4 gxf4 47.Rxh4 Ke4 48.Rg4  1-0

[Event "Indonesia"]
[Site "Indonesia"]
[Date "1983.??.??"]
[Round "7"]
[White "Seirawan, Yasser"]
[Black "Adorjan, Andras"]
[Result "1/2-1/2"]
[WhiteElo "2605"]
[BlackElo "2535"]

1.d4 Nf6 2.c4 e6 3.Nf3 b6 4.g3 Ba6 5.b3 b5 6.cxb5 Bxb5 7.Bg2 c5 8.O-O Bc6
9.Nbd2 cxd4 10.Bb2 Be7 11.Nc4 O-O 12.Qxd4 Bd5 13.Ne3 Bb7 14.Qa4 Na6 15.Rac1 Nc5
16.Qd4 Qb6 17.Rc4 d5 18.Rc2  1/2-1/2

[Event "Indonesia"]
[Site "Indonesia"]
[Date "1983.??.??"]
[Round "8"]
[White "Romanishin, Oleg M"]
[Black "Seirawan, Yasser"]
[Result "1-0"]
[WhiteElo "2575"]
[BlackElo "2605"]

1.d4 Nf6 2.c4 e6 3.Nf3 b6 4.a3 Ba6 5.Qc2 Bb7 6.Bg5 c5 7.dxc5 bxc5 8.Nc3 Be7
9.e3 h6 10.Bh4 O-O 11.Be2 d6 12.O-O a6 13.Rfd1 Qc7 14.h3 Nbd7 15.Rd2 Rfb8
16.Rad1 Bc6 17.Bg3 Rb6 18.Ne1 Rab8 19.Rb1 Ne5 20.Bxe5 dxe5 21.Bf3 Be8 22.g3 Nh7
23.Bg2 Nf8 24.Na4 Rb3 25.Nc3 Qa5 26.Rdd1 f6 27.Nb5 Bg6 28.Qxb3 Bxb1 29.Rxb1 axb5
30.cxb5 Rxb5 31.Qc4 Rb6 32.Nd3 Qb5 33.Qxb5 Rxb5 34.Rc1 Rb6 35.a4 Kf7 36.Bf1 e4
37.Nxc5 Bxc5 38.Rxc5 Rxb2 39.Rc7+ Kg6 40.a5 Ra2 41.a6 Nh7 42.h4 f5 43.a7 Nf6
44.Bc4 Ra1+ 45.Kg2 h5 46.Bxe6 Ra5 47.Kf1 Ra1+ 48.Ke2 Ra5 49.Kd2 Nd5 50.a8=Q  1-0

[Event "Indonesia"]
[Site "Indonesia"]
[Date "1983.??.??"]
[Round "10"]
[White "Timman, Jan H"]
[Black "Seirawan, Yasser"]
[Result "1-0"]
[WhiteElo "2605"]
[BlackElo "2605"]

1.d4 d5 2.c4 dxc4 3.Nf3 Nf6 4.e3 e6 5.Bxc4 c5 6.O-O a6 7.Qe2 b5 8.Bb3 Bb7
9.Rd1 Nbd7 10.e4 cxd4 11.e5 Bxf3 12.gxf3 Nh5 13.f4 g6 14.Rxd4 Qb6 15.Rd1 Rd8
16.Nc3 Be7 17.f5 O-O 18.Be3 Bc5 19.Rd6 Bxe3 20.Rxb6 Bxb6 21.Rd1 Nc5 22.Qf3 Nxb3
23.axb3 Bd4 24.Rd3 exf5 25.Qd1 Bb6 26.Nd5 Rb8 27.Rh3 Bd8 28.Rxh5 gxh5 29.Qxh5 Kh8
30.Qxf5 Rg8+ 31.Kf1 Rg7 32.Nf4 Kg8 33.e6 Be7 34.Nh5 Rf8 35.Nxg7 Kxg7 36.Qe5+ Kg6
37.Kg2 b4 38.f4 f5 39.Kf3 h5 40.Qe2 h4 41.Qxa6 Rd8 42.Qe2 Rd6 43.Qe3 Rd8
44.Ke2 Kf6 45.Qe5+ Kg6 46.Qe3 Kg7 47.Qg1+ Kf6 48.h3 Rf8 49.Kd3 Kxe6 50.Qe3+ Kd7
51.Kd4 Rf6 52.Qg1 Rf8 53.Kd5 Rf6 54.Qg8 Ra6 55.Qb8 Rh6 56.Qb7+ Kd8 57.Ke5 Rf6
58.Qb8+ Kd7 59.Qg8 Rc6 60.Kxf5 Rf6+ 61.Ke5 Rc6 62.Qd5+ Kc7 63.Qa5+ Kb7 64.Qa4 Bf8
65.Qb5+ Kc7 66.Qa5+ Rb6 67.Qa7+ Rb7 68.Qa6 Bg7+ 69.Kd5 Rb6 70.Qa7+ Rb7 71.Qa5+ Kb8
72.Qd8+ Ka7 73.Qxh4 Ka6 74.Qd8 Bxb2 75.f5 Bc3 76.f6 Rh7 77.Kc6  1-0

[Event "Indonesia"]
[Site "Indonesia"]
[Date "1983.??.??"]
[Round "11"]
[White "Seirawan, Yasser"]
[Black "Andersson, Ulf"]
[Result "0-1"]
[WhiteElo "2605"]
[BlackElo "2640"]

1.d4 Nf6 2.c4 e6 3.Nc3 Bb4 4.f3 c5 5.d5 Bxc3+ 6.bxc3 d6 7.e4 e5 8.Bd3 Nbd7
9.Ne2 h6 10.Ng3 Nf8 11.Rb1 Qc7 12.O-O g5 13.h4 gxh4 14.Nf5 Bxf5 15.exf5 N8d7
16.Qe1 h3 17.gxh3 O-O-O 18.Rf2 Nh5 19.Rfb2 Rdg8+ 20.Kh2 Rg3 21.Qe2 Qd8 22.Qe4 Rhg8
23.Bf1 Qf6 24.Rxb7 Qg7 25.Qg4 Rxg4 26.fxg4 e4 27.Rxa7 Qe5+ 28.Kg1 Nhf6 29.Bxh6 Nxg4
30.Ra8+ Kc7 31.Ra7+ Kd8 32.hxg4 Rxg4+ 33.Bg2 Qg3 34.Ra8+ Ke7 35.f6+ Kxf6
36.Rf1+ Kg6  0-1

[Event "Indonesia"]
[Site "Indonesia"]
[Date "1983.??.??"]
[Round "12"]
[White "Gunawan, Ronny"]
[Black "Seirawan, Yasser"]
[Result "0-1"]
[WhiteElo "2400"]
[BlackElo "2605"]

1.d4 d6 2.c4 e5 3.d5 f5 4.Nc3 Nf6 5.g3 Be7 6.Bg2 O-O 7.Nf3 a5 8.O-O Na6 9.a3 Nc5
10.Rb1 Bd7 11.b4 Nce4 12.Nxe4 Nxe4 13.Qb3 axb4 14.axb4 Ba4 15.Qb2 Bf6 16.Nd2 Nxd2
17.Bxd2 e4 18.Qc1 b5 19.Be3 Qe7 20.Re1 Rae8 21.Bd2 h5 22.h4 Be5 23.Kh2 Qf7
24.f3 bxc4 25.fxe4 f4 26.gxf4 Bxf4+ 27.Bxf4 Qxf4+ 28.Qxf4 Rxf4 29.Bf3 Rxh4+
30.Kg3 g5 31.Rec1 Bb3 32.Ra1 Rf4 33.Bxh5 Rexe4 34.Ra7 Re7 35.Bf3 Rff7 36.b5 Kg7
37.Kf2 Re5 38.Kg3 Ree7 39.Kg2 Kf6 40.Kf2 Ke5 41.Ke3 g4 42.Bxg4 Kxd5+ 43.Kd2 Kc5
44.Bf3 d5  0-1

[Event "Indonesia"]
[Site "Indonesia"]
[Date "1983.??.??"]
[Round "13"]
[White "Seirawan, Yasser"]
[Black "Torre, Eugenio"]
[Result "1-0"]
[WhiteElo "2605"]
[BlackElo "2570"]

1.d4 d5 2.c4 c6 3.cxd5 cxd5 4.Nc3 Nc6 5.Nf3 Nf6 6.Bf4 Qb6 7.Na4 Qa5+ 8.Bd2 Qd8
9.e3 e6 10.Bd3 Ne4 11.O-O f5 12.Rb1 Bd6 13.b4 a6 14.Nc5 O-O 15.a4 a5 16.bxa5 Bxc5
17.dxc5 Nxc5 18.Bb5 Nxa5 19.Bb4 b6 20.Qd4 Bd7 21.Bxc5 bxc5 22.Qxc5 Rc8 23.Qd6 Rc7
24.Ne5 Bc8 25.Qxd8 Rxd8 26.Rfc1 Rb7 27.Kf1 Kf8 28.Ke2 Ke7 29.Kd3 Kd6 30.f4 Rc7
31.Rxc7 Kxc7 32.Rc1+ Kb6 33.Nc6 Nxc6 34.Rxc6+ Kb7 35.Kd4 Rg8 36.Kc5 Kb8 37.Kb6 g5
38.g3 gxf4 39.exf4 Rg7 40.Kc5 h5 41.a5 h4 42.gxh4 Bd7 43.Rb6+ Ka7 44.Bxd7 Rxd7
45.Kd4 Rc7 46.Rxe6 Rc4+ 47.Kxd5 Rxf4 48.h5 Rh4 49.h6 Rxh2 50.Ke5 Rh5 51.Rg6 Kb7
52.Kf6 f4 53.Kg7 f3 54.h7  1-0

[Event "Indonesia"]
[Site "Indonesia"]
[Date "1983.??.??"]
[Round "16"]
[White "Lobron, Eric"]
[Black "Seirawan, Yasser"]
[Result "0-1"]
[WhiteElo "2480"]
[BlackElo "2605"]

1.e4 c6 2.d3 d5 3.Nd2 e5 4.Ngf3 Bd6 5.d4 exd4 6.exd5 cxd5 7.Nxd4 Nc6 8.N2f3 Nf6
9.Be2 O-O 10.O-O h6 11.Re1 Re8 12.c3 a6 13.h3 Bd7 14.Be3 Na5 15.Bf1 Nc4 16.Bxc4 dxc4
17.Nd2 b5 18.Qf3 Be5 19.a4 Qc8 20.axb5 axb5 21.Kh1 Rxa1 22.Rxa1 Bxd4 23.Bxd4 Bc6
24.Qg3 Nh5 25.Qh4 Qf5 26.Kh2 Re6 27.Nf1 Qd5 28.f3 Re2 29.Bf2 Rxb2 30.Kg1 Qg5
31.Qxg5 hxg5 32.Ne3 Nf4 33.Kf1 b4 34.Nf5 Bd7 35.Nd6 b3 36.Bd4 Ra2  0-1

[Event "Indonesia"]
[Site "Indonesia"]
[Date "1983.??.??"]
[Round "17"]
[White "Seirawan, Yasser"]
[Black "Portisch, Lajos"]
[Result "1-0"]
[WhiteElo "2605"]
[BlackElo "2600"]

1.d4 Nf6 2.c4 e6 3.Nc3 Bb4 4.Qc2 c5 5.dxc5 Qc7 6.Nf3 Bxc5 7.Bg5 Be7 8.e4 d6
9.Nb5 Qc6 10.O-O-O Nbd7 11.c5 dxc5 12.e5 Nd5 13.Bxe7 Kxe7 14.Qe4 N7b6 15.Qh4+ f6
16.Bc4 Nxc4 17.Qxc4 Bd7 18.Nc3 Nxc3 19.bxc3 Rae8 20.Rd6 Qc7 21.Rhd1 Bc8 22.Nd4 Kf7
23.Nb5 Qa5 24.R6d3 Rd8 25.Nd6+ Rxd6 26.Rxd6 fxe5 27.Rd7+ Bxd7 28.Rxd7+ Kf8
29.f4 e4 30.Rxb7 g6 31.Kb2 Qd8 32.Qxc5+ Kg8 33.Kc1 e3 34.Qxe3 Qd5 35.Rb8+ Kg7
36.Qxa7+  1-0

[Event "Indonesia"]
[Site "Indonesia"]
[Date "1983.??.??"]
[Round "18"]
[White "Kovacevic, Vlatko"]
[Black "Seirawan, Yasser"]
[Result "0-1"]
[WhiteElo "2540"]
[BlackElo "2605"]

1.d4 Nf6 2.Nf3 e6 3.e3 b6 4.Bd3 Bb7 5.O-O c5 6.Nbd2 Be7 7.c3 Nc6 8.a3 a5
9.e4 d5 10.e5 Nd7 11.Re1 Ba6 12.Bxa6 Rxa6 13.Qe2 Ra7 14.Nf1 Qc8 15.Ng3 Qa6
16.Qe3 a4 17.Nh5 g6 18.Ng7+ Kf8 19.Qh6 Kg8 20.Ne8 Bf8 21.Qf4 Qd3 22.g4 h6
23.h4 h5 24.Ng5 Nd8 25.Kg2 hxg4 26.Qxg4 Qf5 27.Qg3 Be7 28.Bf4 Kf8 29.Nd6 Bxd6
30.exd6 Nf6 31.Re5 Qg4 32.dxc5 bxc5 33.Qxg4 Nxg4 34.Re2 Nc6 35.Nf3 c4 36.Rd1 Rh5
37.Ng5 Rd7 38.Kh3 Nh6 39.Nxe6+ fxe6 40.Rxe6 Kf7 41.Rde1 Nf5 42.Bg3 Nd8 43.Re8 Nxd6
44.Bxd6 Rxd6 45.R1e7+ Kf6 46.Ra7 Ne6 47.Kg3 Rb6 48.Ree7 g5 49.hxg5+ Rxg5+
50.Kh4 Rg1 51.Rf7+ Ke5 52.Rae7 Rb8  0-1

[Event "Indonesia"]
[Site "Indonesia"]
[Date "1983.??.??"]
[Round "19"]
[White "Seirawan, Yasser"]
[Black "Schmidt, Wlodzimierz"]
[Result "0-1"]
[WhiteElo "2605"]
[BlackElo "2450"]

1.c4 g6 2.Nc3 c5 3.g3 Bg7 4.Bg2 Nc6 5.a3 a6 6.Rb1 Rb8 7.Qa4 Nd4 8.b4 b5 9.cxb5 Nxb5
10.Nxb5 Rxb5 11.Nf3 Bb7 12.Bb2 Bxb2 13.Rxb2 Nf6 14.O-O Qa8 15.Rc1 cxb4 16.Rxb4 O-O
17.Rxb5 axb5 18.Qb4 d6 19.d3 Rc8 20.Rxc8+ Qxc8 21.Nd4 Qc1+ 22.Bf1 Bc8 23.Nb3 Qd1
24.Nd2 Be6 25.Kg2 h5 26.h3 Nh7 27.h4 Nf6 28.Kg1 Ng4 29.Nf3 Bd5 30.Qxb5 Bxf3
31.exf3 Qxf3 32.Qb2 Qd1 33.d4 e5 34.dxe5 Nxe5 35.Qe2 Qa4 36.Qe3 Ng4 37.Qc1 Qd4
38.Qc2 Ne5 39.Be2 Qa1+ 40.Qd1 Qxa3 41.Qd5 Qc5 42.Qe4 Qc1+ 43.Kg2 Qd2 44.Kf1 Kh7
45.f3 Nd7 46.Kf2 Nc5 47.Qe3 Qb2 48.g4 hxg4 49.fxg4 Ne6 50.Kg3 d5 51.g5 Qb8+
52.Kg2 Qb4 53.Qf2 Qe4+ 54.Kg3 Kg7 55.Bg4 Qe5+ 56.Kg2 Nf4+ 57.Kf3 d4 58.Qd2 Nd5
59.Bc8 Ne3 60.Qd3 Qd6 61.Qe4 Nc4 62.Ke2 Qb6 63.Qb7 Qa5 64.Qe7 Qd5 65.Ba6 d3+
66.Kf2 Qd4+ 67.Kg3 Ne5 68.h5 gxh5 69.Bb5 Qg1+  0-1

[Event "Indonesia"]
[Site "Indonesia"]
[Date "1983.??.??"]
[Round "20"]
[White "Seirawan, Yasser"]
[Black "Ljubojevic, Ljubomir"]
[Result "1/2-1/2"]
[WhiteElo "2605"]
[BlackElo "2645"]

1.d4 Nf6 2.c4 e6 3.Nf3 c5 4.d5 exd5 5.cxd5 d6 6.Nc3 g6 7.Nd2 Nbd7 8.e4 Bg7
9.Be2 O-O 10.O-O Re8 11.a4 Ne5 12.Re1 Nfg4 13.Nf1 f5 14.h3 Nh6 15.Ng3 a6
16.Be3 Qh4 17.Qd2 Nef7 18.Bf1 Bd7 19.exf5 Nxf5 20.Nxf5 gxf5 21.Bf4 Qf6 22.a5 Qd4
23.Qxd4 Bxd4 24.Be3  1/2-1/2

[Event "Indonesia"]
[Site "Indonesia"]
[Date "1983.??.??"]
[Round "21"]
[White "Adianto, Utut"]
[Black "Seirawan, Yasser"]
[Result "1/2-1/2"]
[WhiteElo "2385"]
[BlackElo "2605"]

1.e4 c6 2.d4 d5 3.Nd2 dxe4 4.Nxe4 Bf5 5.Ng3 Bg6 6.h4 h6 7.Nf3 Nd7 8.h5 Bh7
9.Bd3 Bxd3 10.Qxd3 Qc7 11.Bd2 Ngf6 12.O-O-O e6 13.Ne4 Bd6 14.Nxd6+ Qxd6 15.Kb1 b5
16.Qe2 Qd5 17.Ne5 Qe4 18.Qxe4 Nxe4 19.Be3 Rc8 20.g4 Nef6 21.f3 Nd5 22.Bc1 f6
23.Ng6 Rg8 24.f4 Kf7 25.g5 f5 26.Rde1 a5 27.Re2 c5 28.dxc5 Rxc5 29.Rhe1 Re8
30.Nh4 Rcc8 31.Nf3 Rc4 32.g6+ Kf8 33.Rxe6 Re4 34.Rd6 N7f6 35.Rf1 Nxf4 36.Nd4 N4xh5
37.Rxf5 Rg4 38.Rxb5 a4 39.b3 Ne4 40.Rc6 Nhf6 41.Ba3+ Kg8 42.Nf5 axb3 43.axb3 Kh8
44.Nd6 Nxd6 45.Bxd6 Rxg6 46.Rb8 Kh7 47.Rcc8 Rg1+ 48.Kb2 Ree1 49.c4 Ne4 50.Rh8+ Kg6
51.Rb6 Kh5 52.Rb5+ Kg6 53.Be5 Ra1 54.Rb7 Kf5 55.Bxg7 Rgb1+ 56.Kc2 Rc1+ 57.Kb2 Rcb1+  1/2-1/2

[Event "Lugano op"]
[Site "Lugano"]
[Date "1983.??.??"]
[Round "?"]
[White "Seirawan, Yasser"]
[Black "Farago, Ivan"]
[Result "1/2-1/2"]
[WhiteElo "2600"]
[BlackElo "2505"]

1.c4 Nf6 2.Nc3 e5 3.e3 Bb4 4.Nge2 O-O 5.a3 Be7 6.b4 c6 7.d4 exd4 8.Nxd4 d5
9.Bb2 a5 10.b5 c5 11.Nf3 Be6 12.cxd5 Nxd5 13.Qc2 Nxc3 14.Bxc3 Bf6 15.Rd1 Nd7
16.Bc4 Bxc4 17.Bxf6 Qxf6 18.Qxc4 Ne5 19.Nxe5 Qxe5 20.O-O b6  1/2-1/2